| 000 | 00000nam 2200000za 4500 |
| 001 | 9.689305 |
| 003 | CaOODSP |
| 005 | 20210624231833 |
| 007 | cr ||||||||||| |
| 008 | 150407s2001 onc|||||o f|0| 0 eng d |
| 040 | |aCaOODSP|beng |
| 043 | |an-cn--- |
| 086 | 1 |aH46-2/02-260E-PDF |
| 110 | 1 |aCanada. |bHealth Canada. |bHealthy Environments and Consumer Safety Branch. |
| 245 | 10|aClimate change and health & well-being |h[electronic resource] : |ba policy primer / |c[issued by the] Climate Change and Health Office. |
| 260 | |aOttawa : |bHealth Canada, |c2001. |
| 300 | |a67 p. : |breferences, tables. |
| 500 | |aThe catalogue number (H46-2/02-260) and ISBN (0-662-66801-4) for the bilingual print edition have been incorrectly copied in this PDF edition. |
| 590 | |a07-02-Supp|b2007-04-05 |
| 690 | 07|aHealth policy|2gcpds |
| 690 | 07|aEnvironmental policy|2gcpds |
| 690 | 07|aGlobal warming|2gcpds |
| 690 | 07|aHealth|2gcpds |
| 775 | 08|tLe changement climatique, la santé et le bien-être |w(CaOODSP)9.633718 |
| 795 | |tClimate change and health & well-being |w(CaOODSP)9.695386 |
| 856 | 40|ahttp://publications.gc.ca|qPDF|s378 KB|uhttps://publications.gc.ca/collections/Collection/H46-2-02-260E.pdf |